Most Populous Country By Letter - Statistics

General Stats
  • This quiz has been taken 30 times
  • The average score is 21 of 24
Answer Stats
Hint Answer % Correct
I India
96%
J Japan
96%
U United States of America
96%
B Brazil
93%
C China
93%
F France
93%
Q Qatar
93%
Y Yemen
93%
G Germany
89%
M Mexico
89%
O Oman
89%
R Russia
89%
N Nigeria
86%
P Pakistan
86%
T Turkey
86%
V Vietnam
86%
Z Zambia
86%
H Haiti
82%
A Algeria
79%
D Democratic Republic of the Congo
79%
E Ethiopia
79%
K Kenya
79%
L Laos
75%
S South Africa
75%
No matching quizzes found
Score Distribution
Percent of People with Each Score
Percentile by Number Answered
Your Score History
You have not taken this quiz